| 000 | 00391nam a2200157Ia 4500 | ||
|---|---|---|---|
| 008 | 230314s9999 xx 000 0 und d | ||
| 020 | _a978-93-5270-118-6 | ||
| 041 | _aeng | ||
| 082 | _aP/618.9/DAT/B09352 | ||
| 100 |
_aDatta Parul _9177972 |
||
| 245 | _aPediatric Nursing | ||
| 260 |
_bJaypee Brothers _aNew Delhi _c2007 |
||
| 300 | _a498p | ||
| 906 | _b02 | ||
| 999 |
_c142339 _d142339 |
||